RECENT TRENDS IN HORTICULTURAL BIOTECHNOLOGY (Record no. 201674)
[ view plain ]
| 000 -LEADER | |
|---|---|
| fixed length control field | 00251nam a2200097Ia 4500 |
| 050 ## - LIBRARY OF CONGRESS CALL NUMBER | |
| Classification number | SB106 .R43 2007 |
| 100 ## - MAIN ENTRY--PERSONAL NAME | |
| Personal name | NAZEEN P. A. |
| 245 #0 - TITLE STATEMENT | |
| Title | RECENT TRENDS IN HORTICULTURAL BIOTECHNOLOGY |
| 942 ## - ADDED ENTRY ELEMENTS (KOHA) | |
| Koha item type | Long Loan Book |
| Withdrawn status | Lost status | Source of classification or shelving scheme | Damaged status | Not for loan | Collection | Home library | Current library | Shelving location | Date acquired | Inventory number | Total checkouts | Full call number | Barcode | Date last seen | Copy number | Price effective from | Koha item type |
|---|---|---|---|---|---|---|---|---|---|---|---|---|---|---|---|---|---|
| Library of Congress Classification | Science & Technology | Kisii University Library | Kisii University Library | On Display | 08/20/2024 | 28611 | SB 106.R43 2007 | 035868 | 08/20/2024 | C.1 | 08/20/2024 | Long Loan Book |